000 00888nam a2200169Ia 4500
008 090711s9999 xx 000 0 und d
082 _b1214
100 _aसाठे शारदा / महाजन सुलक्षणा / खांडेकर सुजाता
245 _aस्त्री मुक्ती आणि विज्ञान
260 _bप्रेरणा प्रकाशन
_c2000
300 _a51
600 _aसाठे शारदा / महाजन सुलक्षणा / खांडेकर सुजाता
630 _aस्त्री मुक्ती आणि विज्ञान
700 _aसाठे शारदा / महाजन सुलक्षणा / खांडेकर सुजाता
730 _aस्त्री मुक्ती आणि विज्ञान
942 _cBOOK
999 _c338220
_d338220